Praktická príručka zdravotného poistenia, sociálneho poistenia a poistenia v nezamestnanosti

Zdravotné poistenie. Sociálne poistenie. Príspevok na poistenie v nezamestnanosti. Právne úpravy zdravotného a sociálneho poistenia a príspevku na poistenie v nezamestnanosti. Platitelia poistného. Povinnosť platenia poistného. Zamestnávatelia. Zamestnanci.

Salvato in:
Dettagli Bibliografici
Autore principale: Jánoš, Daniel
Natura: Capitolo di libro
Lingua:slovacco
Soggetti:
Tags: Aggiungi Tag
Nessun Tag, puoi essere il primo ad aggiungerne!!

MARC

LEADER 00000naa a2200000 4500
001 r034902
005 20230926081354.9
041 0 |a slo 
044 |a SK 
245 1 0 |a Praktická príručka zdravotného poistenia, sociálneho poistenia a poistenia v nezamestnanosti  |c Daniel Jánoš 
520 |a Zdravotné poistenie. Sociálne poistenie. Príspevok na poistenie v nezamestnanosti. Právne úpravy zdravotného a sociálneho poistenia a príspevku na poistenie v nezamestnanosti. Platitelia poistného. Povinnosť platenia poistného. Zamestnávatelia. Zamestnanci. 
610 2 0 |a poistenie zdravotné 
610 2 0 |a poistenie sociálne 
610 2 0 |a poistenie v nezamestnanosti 
610 2 0 |a úpravy právne 
610 2 0 |a zamestnanci 
610 2 0 |a pomer pracovný 
610 2 0 |a povinnosti zamestnávateľov 
100 1 |a Jánoš, Daniel